| 000 | 00561nam a2200181Ia 4500 | ||
|---|---|---|---|
| 999 |
_c1842 _d1842 |
||
| 003 | OSt | ||
| 005 | 20200922144305.0 | ||
| 008 | 190216s9999||||xx |||||||||||||| ||und|| | ||
| 020 | _a9788121103862 | ||
| 040 | _coclc | ||
| 082 |
_a587.095482 _bMAN/P |
||
| 100 |
_aManickam, V S _94822 |
||
| 245 | 0 |
_aPteridophyte Flora Of Nilgiris,South India / _cV S Manickam ; V Irudayaraj |
|
| 260 |
_bBishen Singh Mahendra Palsingh, _c2003. _aDehradun: |
||
| 300 | _a192p | ||
| 650 | _aBotany | ||
| 942 |
_cBK _2ddc _h587.095482 _iMAN/P _k587.095482 _mMAN/P |
||